LEADER 01306nam a2200277 a 4500 001 000000154247 003 CaOOAMICUS 005 20160923163847.0 008 160923n1949 it u000 u ita r 032 $aLibriCat 040 $aPUL$bita 100 1 $aBarsotti, Giovanni,$csac.$0(OLS)http://pul/name/56176 245 13$aLa santità nel modernismo di Antonio Fogazzaro / $cGiovanni Barsotti. 260 $aSan Miniato :$bTip. V. Bongi,$c1949. 300 $axiv, 131 p. ; $c23 cm. 502 $aPars dissertationis ad lauream in facultate S. Theologiae apud Pontificium Institutum Angelicum de Urbe. 1949. 504 $aBibliografia in nota a piè pagina. 600 14$aFogazzaro, Antonio,$d1842-1911.$0(OLS)http://pul/subject/5295 650 4$aModernismo$xChiesa cattolica.$0(OLS)http://pul/subject/27933 710 2 $aPontificio Ateneo Angelicum.$bFacoltà di Teologia.$kTesi.$0(OLS)http://pul/name/97565 850 $aPUL 852 $aPUL$W1$xDP1 Tesi Pon. Univ. S. Tommaso$y44$mTH S.THOM TH42a$j177305$qTesi$B180275$CPULBib$Z2$F180275 $H14152 $81 941 1 $a16 996 $6245$aLa santità nel modernismo di Antonio Fogazzaro / $9(OLS)http://pul/title/193834 996 $6260$aSan Miniato :$bTip. V. Bongi$9(OLS)http://pul/publisher/85391 LEADER 01768nam a2200337 u 4500 001 000000002742 003 CaOOAMICUS 005 20121121113823.0 008 940921s1968 it af u000 u ita u 035 $a10068198 040 $aPUL(R)$bita 100 1 $aFliche, Augustin,$csac.,$d1884-1951.$0(OLS)http://pul/name/2915 240 10$aChrétienté romaine (1198-1274).$lItaliano.$0(OLS)http://pul/title/4012 245 13$aLa cristianità romana (1198-1274) /$cdi A. Fliche, Ch. Thouzellier e Y. Azaïs ; 1a edizione italiana sulla 1a francese a cura di Mariano da Alatri ; [traduzione italiana di Eugenio da Veroli]. 260 $aTorino :$bEditrice S.A.I.E.,$c1968. 300 $a760 p., 24 p. di tav. :$bill. ;$c25 cm 490 1 $aStoria della Chiesa ;$v10 504 $aContiene indicazioni bibliografiche. 700 0 $aMariano da Alatri,$cO.F.M. Cap.,$d1920-$0(OLS)http://pul/name/2918 700 1 $aAzaïs, Yvonne.$0(OLS)http://pul/name/2917 700 1 $aThouzellier, Christine,$b1902-1982.$0(OLS)http://pul/name/2916 830 0$aStoria della Chiesa dalle origini fino ai giorni nostri (S.A.I.E.) ;$v10.$0(OLS)http://pul/title/1599 830 0$aStoria della Chiesa dalle origini fino ai giorni nostri (Fliche - Martin).$0(OLS)http://pul/title/166079 850 $aPUL 852 $aPUL$W1$xSL Cons. Gen., Altre Classi 1$y1$m1395 B 1.10$j128994$nBK-PRI$qStampati$B3643$CPULBib$Z2$F3643 $H145 $82 941 1 $a8 983 0$aStoria della Chiesa (Berruti) 983 0$aStoria della Chiesa (Edizioni paoline) 983 0$aStoria della Chiesa (San Paolo) 996 $6245$aLa cristianità romana (1198-1274)$9(OLS)http://pul/title/4013 996 $6260$aTorino :$bEditrice S.A.I.E.$9(OLS)http://pul/publisher/48515